| 000 | 00366nam a2200109Ia 4500 | ||
|---|---|---|---|
| 008 | 171204s9999 xx 000 0 und d | ||
| 245 | _aBig Data on Real-World Applications: | ||
| 245 | _cJosé M. Luna and Alberto Cano and Sebastian Ventura Soto | ||
| 260 | _c2016 | ||
| 650 | _xIT Integration & Application | ||
| 856 | _uhttp://down.ebook777.com/045/9789535124894.pdf | ||
| 999 |
_c347217 _d347217 |
||